000 00659nam a2200253Ia 4500
003 OSt
005 20220918163440.0
006 a|||||r|||| 00| 0
007 ta
008 220917b |||||||| |||| 00| 0 eng d
020 _a0+631187170 (pbk)
024 _a19,224
037 _cTextual
040 _aARTS
_cARTS
_beng
041 _2eng
_aeng
082 _aR39N, N3
100 _aNorris Christopher.
_913225
245 0 _aTruth about postmodernism
260 _aOxford
_bBlackwell
_c1993
300 _a333p.
_ccm.
650 _aPOSTMODERNISM
_913226
942 _hR39N, N3
_cTEXL
_2CC
999 _c119675
_d119675